|
|
|
|
| LEADER |
00000nas a22000001a 4500 |
| 001 |
vtls010302521 |
| 003 |
SK-MaSNL |
| 005 |
20260228162858.0 |
| 008 |
110810d19541954xo mr p r 0 b0slo |
| 015 |
|
|
|a SNBDS17XX9999
|
| 015 |
|
|
|a 1828
|2 Balúnová 1945-60
|
| 038 |
|
|
|a SNKBUDS
|
| 040 |
|
|
|a SNK
|b slo
|c SNK
|e AACR2
|
| 041 |
0 |
|
|a slo
|
| 044 |
|
|
|a xo
|c SK
|
| 080 |
|
|
|a 070.489
|2 2001
|
| 080 |
|
|
|a 656.2
|2 2001
|
| 080 |
|
|
|a 351.812.5
|2 2001
|
| 245 |
0 |
0 |
|a Vozová služba
|b závodný časopis zamestnancov Vozového úseku ČSD Bratislava a jeho podútvarov
|
| 260 |
|
|
|a Bratislava
|b ZO KSS, ZR ROH, ČSM, SČSP a vedenie Vozového úseku ČSD a jeho podútvarov v Bratislave
|c 1954
|
| 300 |
|
|
|a 1 roč.
|c 30 x 21 cm
|
| 310 |
|
|
|a 1x mesačne
|
| 362 |
0 |
|
|a Roč. II, č. 1 (1954)-roč. II, č. 8 (31.12.1954)
|
| 500 |
|
|
|a Vych. v Bratislave mesačne
|
| 500 |
|
|
|a Red. red. krúžok. Ved. red. Štefan Šimáček
|
| 500 |
|
|
|a Vyd. ZO KSS, ZR ROH, ČSM, SČSP a vedenie Vozového úseku ČSD a jeho podútvarov v Bratislave
|
| 500 |
|
|
|a Tlač. Merkantilné tlačiarne, zákl. záv. v Bratislave
|
| 500 |
|
|
|a Prestal vych. 31. dec. 1954. Pov. PK HSVZ č. 9-2504/54-II z 29. júla 1954
|
| 505 |
8 |
0 |
|g Roč. II. 1954 8 č. po 8 s.
|
| 580 |
|
|
|a Nadviazal na I. ročník časopisu Zvesti vozoslužby
|
| 610 |
2 |
7 |
|a Vozový úsek ČSD Bratislava
|x časopisy
|2 SNKBUDS
|9 272382
|
| 650 |
0 |
7 |
|a železničná doprava
|2 SNKPH
|9 3185
|
| 655 |
|
7 |
|a podnikové časopisy
|2 SNKBUDS
|9 265225
|
| 700 |
1 |
|
|a Šimáček, Štefan
|4 pbd
|9 272383
|
| 710 |
2 |
|
|a Vozový úsek ČSD Bratislava
|e vydav.
|9 272384
|
| 710 |
2 |
|
|a Merkantilné tlačiarne, n.p. (Bratislava, Slovensko)
|e tlač.
|9 268817
|
| 780 |
0 |
0 |
|t Zvesti vozoslužby
|
| 852 |
|
|
|a SNK
|b 10000
|h ČSB 1431
|
| 852 |
|
|
|a UKB
|b 300000
|h SB 2264
|
| 852 |
|
|
|a SVKKK
|b 900000
|h C 413
|
| 852 |
|
|
|a UKB
|b 300000
|h XX B 1328
|
| 999 |
|
|
|c 8490
|d 10420
|